Our bodies, ourselves for the new century : (Record no. 1100)

MARC details
000 -LEADER
fixed length control field 01027fam a2200301 a 4500
005 - DATE AND TIME OF LATEST TRANSACTION
control field 20260322212047.0
008 - FIXED-LENGTH DATA ELEMENTS--GENERAL INFORMATION
fixed length control field data
010 ## - LIBRARY OF CONGRESS CONTROL NUMBER
LC control number 98012725
020 ## - INTERNATIONAL STANDARD BOOK NUMBER
International Standard Book Number 0684842319
020 ## - INTERNATIONAL STANDARD BOOK NUMBER
International Standard Book Number 9780684842318
040 ## - CATALOGING SOURCE
Original cataloging agency DLC
Transcribing agency DLC
050 00 - LIBRARY OF CONGRESS CALL NUMBER
Classification number RA778
Item number .N49 1998
092 ## - LOCALLY ASSIGNED DEWEY CALL NUMBER (OCLC)
Classification number 613.042 N49 1998
001 - CONTROL NUMBER
control field data
245 00 - TITLE STATEMENT
Title Our bodies, ourselves for the new century :
Remainder of title a book by and for women /
Statement of responsibility, etc. the Boston Women's Health Book Collective.
260 ## - PUBLICATION, DISTRIBUTION, ETC.
Place of publication, distribution, etc. New York :
Name of publisher, distributor, etc. Simon & Schuster,
Date of publication, distribution, etc. 1998.
300 ## - PHYSICAL DESCRIPTION
Extent 780 p. :
Other physical details ill. ;
Dimensions 28 cm.
490 0# - SERIES STATEMENT
Series statement A Touchstone book.
500 ## - GENERAL NOTE
General note Originally published in 1984 under the title: Our bodies, ourselves.
504 ## - BIBLIOGRAPHY, ETC. NOTE
Bibliography, etc. note Includes bibliographical references and index.
590 ## - LOCAL NOTE (RLIN)
Local note Includes bibliographical references and index.
590 ## - LOCAL NOTE (RLIN)
Local note Rev. ed. of : Our bodies, ourselves, 1984.
650 #0 - SUBJECT ADDED ENTRY--TOPICAL TERM
Topical term or geographic name entry element Women
General subdivision Health and hygiene.
650 #0 - SUBJECT ADDED ENTRY--TOPICAL TERM
Topical term or geographic name entry element Women
General subdivision Diseases.
650 #0 - SUBJECT ADDED ENTRY--TOPICAL TERM
Topical term or geographic name entry element Women
General subdivision Psychology.
710 2# - ADDED ENTRY--CORPORATE NAME
Corporate name or jurisdiction name as entry element Boston Women's Health Book Collective.
730 0# - ADDED ENTRY--UNIFORM TITLE
Uniform title Our bodies, ourselves.
Holdings
Withdrawn status Lost status Damaged status Not for loan Home library Current library Shelving location Date acquired Total checkouts Full call number Barcode Date last seen Price effective from Koha item type
        Riverside Riverside General stacks 22/03/2026   RA778 .N49 1998 BC0011135 22/03/2026 22/03/2026 Books